Statistics for Spanish nouns from Moses story

Click here to take the quiz!

General Stats

  • This quiz has been taken 4 times
  • The average score is 24 of 39

Answer Stats

HintAnswer% Correct
El altarAltar
100%
La promesaPromise
100%
El serpienteSerpent
100%
La trumpetaTrumpet
100%
El sangreBlood
75%
El ciudadCity
75%
El MandamientoCommandment
75%
La desobedienciaDisobedience
75%
El miedoFear
75%
El fuegoFire
75%
DiosGod
75%
El oroGold
75%
El leyLaw
75%
El líderLeader
75%
El milagroMiracle
75%
La obedienciaObedience
75%
El sacerdotePriest
75%
El marSea
75%
La plataSilver
75%
El esclavoSlave
75%
Los EspíasSpies
75%
El vientoWind
75%
La palabraWord
75%
La canastaBasket
50%
La nubeCloud
50%
La gentePeople
50%
La varaRod
50%
El pecadoSin
50%
Las murallasWalls
50%
Las alasWings
50%
La expiaciónAtonement
25%
El arbustoBush
25%
El rebañoFlock
25%
El puebloNation
25%
La gritaNoise
25%
Las escamasScales
25%
La carpaTent
25%
El pozoWell
25%
El varónHeir
0%

Score Distribution

Percentile by Number Answered

Percent of People with Each Score

Your Score History

You have not taken this quiz